| 000 | 00828nam a2200193 i 4500 | ||
|---|---|---|---|
| 001 | 32085 | ||
| 003 | ES-MaACL | ||
| 005 | 20230906154517.0 | ||
| 007 | t| | ||
| 008 | 030217s1881 it ||||1| fre d | ||
| 100 | 0 |
_aCapellini, Giovanni. _934832 |
|
| 245 | 1 | 0 |
_aDiscours / _cde J. Capellini, président du Comitè D'Organisation à la séance d'ouverture. |
| 260 |
_aBologne : _b[s.n.], _c1881 ( _fImp. Fava et Garagnani) |
||
| 300 |
_a16 p. ; _c22 cm. |
||
| 500 | _aPrecede al tit.: Congrès Géologique International, 2e sessión, Bologne 1881. | ||
| 650 | 4 |
_aGeología- _vCongresos y asambleas. _9157312 |
|
| 711 |
_aCongrés Géologique International ( _n2º. _d1881. _cBologne) _9239 |
||
| 852 |
_aES-MaACL _jT-899-F-2 _z.- Legado de Federico de Botella y de Hornos _z.- Enc. en un vol. facticio conservando la cub. original |
||
| 999 |
_c32085 _d32085 |
||